000
00407nam a2200133Ia 4500
008
151001s9999||||xx |||||||||||||| ||und||
100
_a
अरुण कुमार पाठक
245
_a
सूर्य अक्षय ऊर्जा का स्त्रोत
250
_a
1
260
_b
साक्षर प्रकाशन
260
_c
2008
300
_a
32
365
_b
21
999
_c
991582
_d
991579